| 000 | 00576nam a2200265Ia 4500 | ||
|---|---|---|---|
| 005 | 20260306164015.0 | ||
| 008 | 008 260114s9999 xx 000 0 eng d | ||
| 020 | _a9780814708477 | ||
| 037 | _aEBOOK | ||
| 040 | _aCRL | ||
| 040 | _beng | ||
| 040 | _cCRL | ||
| 041 | _2eng | ||
| 041 | _aeng | ||
| 084 | _qCRL | ||
| 100 |
_aStarnes _91129807 |
||
| 245 | 4 | _aThe Marriage Buyout | |
| 260 | _bNYU Press | ||
| 260 | _c2016 | ||
| 650 | _aLaw | ||
| 856 | _uhttps://academic.oup.com/book/37061 | ||
| 942 | _cEBOOK | ||
| 999 |
_c1712375 _d1712375 |
||